LDR 00998naa#a2200193#i#450# 001 RU\INFRA-M\bibl\113778 005 20260413183732.1 011 ## _a2500-0535 100 ## _a20260325b2026####ek#y0rusy0150####ca 101 0# _aENG 102 ## _aRU 200 1# _aComparative analysis of responses of minimum frequency of ionogram reflections and mesosphere-lower thermosphere temperature to winter sudden stratospheric warmings _eЖурнальная статья 210 1# _aМосква _cОбщество с ограниченной ответственностью «Научно-издательский центр ИНФРА-М» _d2026 215 ## _a9 с. 608 ## _aЖурнальная статья _2local 675 ## _aИоносфера: теории, влияния ионосферы, распределение и т. д.. 550.388.2 _zENG 700 #1 _aРатовский _gКонстантин Геннадьевич 700 #1 _aМедведева _gИрина Викторовна 856 4# _anaukaru.ru _u